书目信息 |
| 题名: |
素质教育的实践与操作
|
|
| 作者: | 马军 主编 | |
| 分册: | ||
| 出版信息: | 长春 吉林人民出版社 2005 |
|
| 页数: | 358页 | |
| 开本: | 20cm | |
| 丛书名: | ||
| 单 册: | ||
| 中图分类: | G630-53 | |
| 科图分类: | ||
| 主题词: | 素质教育--文集 , 素质教育 , 教育--各级 | |
| 电子资源: | ||
| ISBN: | 7-206-02855-1 | |
| 000 | 00817nam0 2200265 45 | |
| 001 | 012006012105 | |
| 005 | 20070108094412.40 | |
| 010 | @a7-206-02855-1@dCNY28.80 | |
| 092 | @aCN@b485680 | |
| 100 | @a20060121d2005 em y0chiy0121 ea | |
| 101 | 0 | @achi |
| 102 | @aCN@b220000 | |
| 105 | @ay z 000yy | |
| 200 | 1 | @a素质教育的实践与操作@9su zhi jiao yu de shi jian yu cao zuo@e主体与发展@f马军[等]主编 |
| 205 | @a2版 | |
| 210 | @a长春@c吉林人民出版社@d2005 | |
| 215 | @a358页@d20cm | |
| 330 | @a本书向读者展示、交流、推广南关区近几年来广大教育工作者的研究成果,分为“综合改革篇”和“小班教学篇”两大部分。 | |
| 606 | 0 | @a素质教育@j文集 |
| 606 | 0 | @a素质教育 |
| 606 | 0 | @a教育@x各级 |
| 690 | @aG630-53@v4 | |
| 701 | 0 | @a马军@9ma jun@4主编 |
| 801 | 0 | @aCN@bLZJBOOK@c20070108 |
| 905 | @a10447@dG630-53@e157 | |
| 素质教育的实践与操作:主体与发展/马军[等]主编.-2版.-长春:吉林人民出版社,2005 |
| 358页;20cm |
| ISBN 7-206-02855-1:CNY28.80 |
| 本书向读者展示、交流、推广南关区近几年来广大教育工作者的研究成果,分为“综合改革篇”和“小班教学篇”两大部分。 |
| ● |
| 相关链接 |
|
|
|
|
正题名:素质教育的实践与操作
索取号:G630-53/157
 
预约/预借
| 序号 | 登录号 | 条形码 | 馆藏地/架位号 | 状态 | 备注 |
| 1 | 0563412 | 205634125 | 第一样本阅览室/ [索取号:G630-53/157] | 在馆 | |
| 2 | 0563413 | 205634134 | 第四借阅区/ [索取号:G630-53/157] | 在馆 | |
| 3 | 0563414 | 205634143 | 密集书库/ [索取号:G630-53/157] | 在馆 | |
| 4 | 0563415 | 205634152 | 第四借阅区/ [索取号:G630-53/157] | 在馆 | |
| 5 | 0563416 | 205634161 | 密集书库/ [索取号:G630-53/157] | 在馆 | |
| 6 | 0563417 | 205634170 | 密集书库/ [索取号:G630-53/157] | 在馆 | |
| 7 | 0563418 | 205634189 | 第四借阅区/ [索取号:G630-53/157] | 在馆 | |
| 8 | 0563419 | 205634198 | 第四借阅区/ [索取号:G630-53/157] | 在馆 |